Statistiche per Paesi più vicini al Gabon - Sprint di un minuto

Clicka qui per fare il quiz!

Statistiche generali

  • Questo quiz è stato fatto 8 volte
  • Il punteggio medio è 14 su 20

Statistiche sulle risposte

kmnazione% Corretto
969Benin
100%
0Camerun
100%
0Congo
100%
1184Niger
100%
418Nigeria
100%
158Rep Dem del Congo
100%
1091Ghana
86%
1044Togo
86%
118Angola
71%
1442Côte d'Ivoire
71%
232Repubblica
Centrafricana
71%
0Guinea Equatoriale
57%
1463Namibia
57%
1604Ruanda
57%
637Ciad
43%
237Sao Tome e Principe
43%
1396Sudan
43%
1314Sud Sudan
43%
1435Zambia
43%
1429Burkina Faso
29%

Distribuzione punteggi

Percentile per numero di risposta

Percentuale di utenti per punteggio

I tuoi punteggi nel tempo

Non hai fatto questo quiz